000 00874nam a22002417a 4500
999 _c14650
_d14650
003 AR-CdUCM
008 190424b ||||| |||| 00| 0 spa d
020 _a978-84-441-5012-3
040 _aMUNICIPALIDAD PROVINCIAL DEL CUSCO
_cBIBLIOTECA MUNICIPAL DEL CUSCO
082 _aPI / 376.1 /
_bM43
100 _aMerthan, Bärbel
_933513
245 _aYo decoro /
260 _aLa coruña :
_bEverest,
_c2013.
300 _a44 páginas ;
_bIlustraciones,
_c26 cm.
440 _aMis primeras manualidades
_933514
505 _aContenido: Amigos patilargos -- Cuadros mágicos -- Caras sonrientes -- Fotos pintadas -- La casita con ventana -- Velas decorativas ...
650 _aManualidades
_915530
650 _aInfantes
_931509
700 _aSteinmeyer, Martha
_933515
700 _aAlfonso Mory, Elsa (traductor)
_933516
942 _2ddc
_cLIBROS
945 _acmm
_d2019-04-24